Medychni perspektyvy
Медичні перспективи.
| Autor Corporativo: | |
|---|---|
| Formato: | Electrónico Revista |
| Lenguaje: | ucraniano ruso |
| Publicado: |
Dnipropetrovsʹk :
Dnipropetrovsʹka medychna akademii͡a︡.
|
| Materias: | |
| Acceso en línea: | Full text available from Research Library: 01/01/2013 to present |
MARC
| LEADER | 00000nas a2200000 i 4500 | ||
|---|---|---|---|
| 001 | ssj0001456185 | ||
| 003 | WaSeSS | ||
| 005 | 20200512172242.0 | ||
| 006 | m d | ||
| 007 | cr n | ||
| 008 | 140807c19969999un qx p s 0 0ukroc | ||
| 010 | |a 2016238283 | ||
| 022 | |a 2307-0404 |l 2307-0404 |y 2307-0404 | ||
| 035 | |a (WaSeSS)ssj0001456185 | ||
| 040 | |a TOH |b eng |c TOH |d OCLCO |d LND |d OCLCO |d AU@ |d CUS |d OCLCF |d CUS |d OCLCO |d IUL |d OCLCO |d IUL |d CUI |d OCLCO |d OCLCA |d AUD |d STF |d OCLCO |d VT2 |d COO |d OCLCO |d S8B |d I8H |d CUS |d OCLCA |d UOK |d CRU |d CKK |d OCLCO |d NTG |d ESEHU |d OCLCO |d OCLCA |d OCLCQ |d RDF |d UKBTH |d UHL |d LIP |d SFB |d CNMTR |d TOH |d WaSeSS | ||
| 041 | 0 | |a ukr |a rus |b eng |f eng | |
| 042 | |a pcc | ||
| 043 | |a e-un--- | ||
| 050 | 4 | |a R91 |b .M44 | |
| 060 | 0 | 0 | |a W1 |b ME8637 |
| 245 | 0 | 0 | |6 880-01 |a Medychni perspektyvy |h [electronic resource]. |
| 246 | 1 | 1 | |a Medical perspectives |
| 246 | 1 | |a Medičnì perspektivi | |
| 260 | |6 880-02 |a Dnipropetrovsʹk : |b Dnipropetrovsʹka medychna akademii͡a︡. | ||
| 310 | |a Four no. a year | ||
| 362 | 1 | |a Print began in 1996. | |
| 506 | |a License restrictions may limit access. | ||
| 546 | |a Text in Ukrainian and Russian, summaries and table of contents also in English. | ||
| 550 | |6 880-03 |a "Naukovyĭ z͡h︡urnal DZ Dnipropetrovsʹka medychna akademii͡a︡ Ministerstva okhorony zdorovʹi͡a︡ Ukraïny." | ||
| 588 | |a Description based on: Tom 20, no. 1 (2015); title from PDF title page, (publisher's journal web site, viewed August 11, 2016). | ||
| 588 | |a Latest issue consulted: Tom 21, no. 2 (2016) (viewed August 11, 2016). | ||
| 650 | 0 | |a Medicine |z Ukraine |v Periodicals. | |
| 650 | 2 | |a Medicine. | |
| 650 | 1 | 2 | |a Clinical Medicine. |
| 650 | 7 | |a Medicine. |2 fast |0 (OCoLC)fst01014893 | |
| 651 | 2 | |a Ukraine. | |
| 651 | 7 | |a Ukraine. |2 fast |0 (OCoLC)fst01211738 | |
| 655 | 0 | |a Electronic journals. | |
| 710 | 2 | |6 880-04 |a Dnipropetrovsʹka medychna akademii͡a︡. | |
| 776 | 0 | 8 | |6 880-05 |i Print version: |t Medychni perspektyvy |x 2307-0404 |w (OCoLC)946727399 |
| 856 | 4 | 0 | |z Full text available from Research Library: 01/01/2013 to present |u https://search.proquest.com/publication/2045915 |
| 880 | 0 | 0 | |6 245-01/(N |a Медичні перспективи. |
| 880 | 1 | |6 264-02/(N |a Дніпропетровськ : |b Дніпропетровська медична академія. | |
| 880 | |6 550-03/(N |a "Науковий журнал ДЗ Дніпропетровська медична академія Міністерства охорони здоровья України." | ||
| 880 | 2 | |6 710-04/(N |a Дніпропетровська медична академія, |e issuing body. | |
| 880 | 0 | 8 | |6 776-05/(N |i Print version: |t Медичні перспективи |x 2307-0404 |w (OCoLC)946727399 |